[Event "COL-ch U20"]
[Site "Bogota"]
[Date "2012.02.17"]
[Round "5"]
[White "Narvaez, Zamir Alexis"]
[Black "Rottenwoerer, Christoph Jr"]
[Result "0-1"]
[WhiteElo "2177"]
[BlackElo "2202"]
[PlyCount "90"]
[EventDate "2012.02.15"]
[EventType "swiss"]
[EventRounds "7"]
[EventCountry "COL"]
[SourceTitle "CBM 147 Extra"]
[Source "ChessBase"]
[SourceDate "2012.04.24"]
[SourceVersion "1"]
[SourceVersionDate "2012.04.24"]
[SourceQuality "1"]

1. e4 c5 2. Nf3 d6 3. d4 cxd4 4. Nxd4 Nf6 5. Nc3 a6 6. Bg5 e6 7. f4 Be7 8. Qf3 Qc7 9. 0-0-0 Nbd7 10. g4 b5 11. Bxf6 Nxf6 12. g5 Nd7 13. f5 Nc5 14. f6 gxf6 15. gxf6 Bf8 16. Rg1 h5 17. Re1 Nd7 18. e5 Bb7 19. exd6 Bh6+ 20. Kb1 Qb6 21. Rxe6+ Kd8 22. Qf2 fxe6 23. f7 Qxd6 24. Qh4+ Kc8 25. Rg8+ Bf8 26. Rxh8 b4 27. Bh3 bxc3 28. Bxe6 Kc7 29. Bxd7 Qxd7 30. Qg3+ Kb6 31. Qxc3 Qxf7 32. b4 Rc8 33. Qe3 Qf1+ 34. Kb2 Qf6 35. Rxh5 Ka7 36. c3 Qb6 37. a3 Ka8 38. Qe6 Qc7 39. Qe3 Qc4 40. Qd2 Bd5 41. Qc2 Bg7 42. Qb3 Qxb3+ 43. Nxb3 Rxc3 44. Rxd5 Rc5+ 45. Rd4 Rc4 0-1